[Event "CZE-ch Seniors 65"]
[Site "Olomouc"]
[Date "2023.08.19"]
[Round "9"]
[White "Svub, Jan"]
[Black "Dvorak, Vladimir"]
[Result "1/2-1/2"]
[WhiteElo "1770"]
[BlackElo "1864"]
[PlyCount "46"]
[EventDate "2023.08.12"]
[EventType "swiss"]
[EventRounds "9"]
[EventCountry "CZE"]
[SourceTitle "EXT 2024"]
[Source "ChessBase"]
[SourceDate "2023.10.10"]
[SourceVersion "1"]
[SourceVersionDate "2023.10.10"]
[SourceQuality "1"]

1. d4 e6 2. c4 f5 3. g3 Nf6 4. Bg2 Be7 5. Nf3 0-0 6. 0-0 d6 7. b3 Ne4 8. Bb2 Bf6 9. Qc2 Nc6 10. a3 Qe7 11. Nbd2 Nxd2 12. Qxd2 Bd7 13. Rad1 Rae8 14. e3 Nd8 15. Ne1 b6 16. Nd3 Nf7 17. Nf4 g5 18. Nd3 g4 19. f4 gxf3 20. Bxf3 Ng5 21. Bg2 Rd8 22. Nf4 Be8 23. Qc2 Bg6 1/2-1/2

[Event "CZE-ch Seniors 65"]
[Site "Olomouc"]
[Date "2023.08.17"]
[Round "7"]
[White "Musil, Vitezslav"]
[Black "Svub, Jan"]
[Result "1/2-1/2"]
[WhiteElo "1871"]
[BlackElo "1770"]
[PlyCount "94"]
[EventDate "2023.08.12"]
[EventType "swiss"]
[EventRounds "9"]
[EventCountry "CZE"]
[SourceTitle "EXT 2024"]
[Source "ChessBase"]
[SourceDate "2023.10.10"]
[SourceVersion "1"]
[SourceVersionDate "2023.10.10"]
[SourceQuality "1"]

1. e4 d5 2. Nc3 d4 3. Nce2 c5 4. d3 e5 5. f4 exf4 6. Bxf4 Nc6 7. Nf3 Bg4 8. h3 Bxf3 9. gxf3 Bd6 10. Bxd6 Qxd6 11. Qd2 Ne5 12. Bg2 f6 13. 0-0-0 0-0-0 14. f4 Nc6 15. Bf3 Nge7 16. h4 Kb8 17. h5 g6 18. Kb1 Rhg8 19. hxg6 hxg6 20. Rh7 Rh8 21. Rdh1 Rxh7 22. Rxh7 Rg8 23. a3 Qe6 24. b3 g5 25. fxg5 fxg5 26. Kb2 Qg6 27. Rh1 Ne5 28. Bh5 Qf6 29. Ng3 Qf4 30. Qg2 g4 31. Rf1 Qg5 32. Bf7 Rf8 33. Be6 Rxf1 34. Qxf1 Nf3 35. Qh1 Qd2 36. Qc1 Qxc1+ 37. Kxc1 Ne5 38. Kd2 Kc7 39. c3 dxc3+ 40. Kxc3 Kd6 41. Bc4 Nf3 42. b4 b6 43. bxc5+ bxc5 44. Bb5 Ne5 45. d4 cxd4+ 46. Kxd4 N5c6+ 47. Ke3 Ke5 1/2-1/2

[Event "CZE-chT2D 2223"]
[Site "Czech Republic"]
[Date "2022.12.18"]
[Round "5.7"]
[White "Svub, Jan"]
[Black "Vlcek, Vojtech"]
[Result "1/2-1/2"]
[WhiteElo "1840"]
[BlackElo "1662"]
[PlyCount "68"]
[EventDate "2022.10.16"]
[EventType "team-tourn"]
[EventRounds "11"]
[EventCountry "CZE"]
[SourceTitle "EXT 2024"]
[Source "ChessBase"]
[SourceDate "2023.10.10"]
[SourceVersion "1"]
[SourceVersionDate "2023.10.10"]
[SourceQuality "1"]
[WhiteTeam "Lanskroun"]
[BlackTeam "Hradec Kralove Lipky"]
[WhiteTeamCountry "CZE"]
[BlackTeamCountry "CZE"]

1. c4 c5 2. Nc3 Nc6 3. g3 g6 4. Bg2 Bg7 5. d3 e5 6. e4 d6 7. Nge2 Nge7 8. 0-0 0-0 9. Be3 Nd4 10. h3 Rb8 11. f4 f6 12. Qd2 Be6 13. Rf2 a6 14. Raf1 Qd7 15. Kh2 Nec6 16. Nd5 Nxe2 17. Qxe2 Nd4 18. Qd2 b5 19. fxe5 fxe5 20. b3 Bxd5 21. cxd5 b4 22. h4 Rxf2 23. Rxf2 Rf8 24. Bh3 Qe8 25. Kg2 Rxf2+ 26. Qxf2 Qf8 27. Bxd4 exd4 28. Be6+ Kh8 29. Qf4 Qe7 30. Qf3 Be5 31. Qf7 Qxf7 32. Bxf7 Kg7 33. Be8 Kf8 34. Bd7 Ke7 1/2-1/2

[Event "Pardubice Region-chT 2223"]
[Site "Czech Republic"]
[Date "2022.12.11"]
[Round "5.3"]
[White "Kraus, Ondrej"]
[Black "Svub, Jan"]
[Result "1-0"]
[WhiteElo "1989"]
[BlackElo "1840"]
[PlyCount "53"]
[EventDate "2022.10.09"]
[EventType "team-tourn"]
[EventRounds "11"]
[EventCountry "CZE"]
[SourceTitle "EXT 2024"]
[Source "ChessBase"]
[SourceDate "2023.10.10"]
[SourceVersion "1"]
[SourceVersionDate "2023.10.10"]
[SourceQuality "1"]

1. d4 d5 2. c4 e6 3. Nf3 Nf6 4. Nc3 c6 5. e3 Nbd7 6. Bd3 Bd6 7. 0-0 0-0 8. e4 dxe4 9. Nxe4 Nxe4 10. Bxe4 Nf6 11. Bc2 c5 12. Bg5 Be7 13. Qd3 g6 14. Rad1 cxd4 15. Qxd4 Qxd4 16. Rxd4 Kg7 17. Rfd1 Ng8 18. Bf4 Bf6 19. R4d2 Bxb2 20. Bd6 Rd8 21. Be5+ Bxe5 22. Rxd8 Bf6 23. Re8 Nh6 24. Ba4 Nf5 25. g4 Nh4 26. Nxh4 Bxh4 27. Bd7 1-0

[Event "Pardubice Region-chT 2223"]
[Site "Czech Republic"]
[Date "2022.11.13"]
[Round "3.3"]
[White "Bulva, Frantisek"]
[Black "Svub, Jan"]
[Result "0-1"]
[WhiteElo "1675"]
[BlackElo "1840"]
[PlyCount "86"]
[EventDate "2022.10.09"]
[EventType "team-tourn"]
[EventRounds "11"]
[EventCountry "CZE"]
[SourceTitle "EXT 2024"]
[Source "ChessBase"]
[SourceDate "2023.10.10"]
[SourceVersion "1"]
[SourceVersionDate "2023.10.10"]
[SourceQuality "1"]

1. g3 Nf6 2. Bg2 d5 3. d3 c5 4. c4 Nc6 5. cxd5 Nxd5 6. Nc3 e6 7. Nf3 Be7 8. 0-0 0-0 9. Bd2 b6 10. a3 Bb7 11. Rc1 h6 12. Re1 Bf6 13. Qb3 Qd7 14. Ne4 Be7 15. Nc3 Rfd8 16. Bh3 Nf6 17. Bf4 Na5 18. Qc2 Bxf3 19. exf3 Qxd3 20. Qxd3 Rxd3 21. Red1 Rad8 22. Bf1 Rxd1 23. Rxd1 Rxd1 24. Nxd1 Nd5 25. Bd2 Nb3 26. Be1 Bf6 27. f4 Kf8 28. Bc4 Nd4 29. Kf1 Ke7 30. Bc3 Nxc3 31. Nxc3 Nf3 32. Kg2 Nd2 33. Bd3 c4 34. Bc2 Bxc3 35. bxc3 b5 36. f3 Kd6 37. Kf2 Nb3 38. Ke3 Kd5 39. h4 Nc5 40. Be4+ Nxe4 41. fxe4+ Kc5 42. g4 a5 43. e5 g6 0-1

[Event "Pardubice Region-chT 2223"]
[Site "Czech Republic"]
[Date "2022.10.30"]
[Round "2.3"]
[White "Svub, Jan"]
[Black "Malivanek, Jiri"]
[Result "0-1"]
[WhiteElo "1840"]
[BlackElo "2060"]
[PlyCount "100"]
[EventDate "2022.10.09"]
[EventType "team-tourn"]
[EventRounds "11"]
[EventCountry "CZE"]
[SourceTitle "EXT 2024"]
[Source "ChessBase"]
[SourceDate "2023.10.10"]
[SourceVersion "1"]
[SourceVersionDate "2023.10.10"]
[SourceQuality "1"]

1. c4 Nf6 2. Nc3 c6 3. Nf3 d5 4. e3 e6 5. Qc2 Nbd7 6. d4 dxc4 7. Bxc4 b5 8. Be2 Bb7 9. 0-0 Be7 10. Rd1 a6 11. e4 Rc8 12. e5 Nd5 13. Nxd5 cxd5 14. Qd3 0-0 15. Bd2 f6 16. exf6 gxf6 17. Bh6 Rf7 18. Qe3 Qb6 19. Ne1 Bd6 20. Bh5 Re7 21. Rac1 Rd8 22. Nd3 Kh8 23. Nc5 Bxc5 24. dxc5 Qc6 25. Bf3 Rde8 26. b4 Ne5 27. Bf4 Nxf3+ 28. Qxf3 e5 29. Bg3 Qe6 30. Bh4 Rf7 31. a3 Bc6 32. Re1 f5 33. Qh5 f4 34. f3 Rf5 35. Qg4 Rg8 36. Qh3 Qg6 37. g4 fxg3 38. Bxg3 d4 39. Qg4 Qf6 40. Qh3 d3 41. Re3 d2 42. Rd1 Rxf3 43. Rxf3 Qxf3 44. Rxd2 Qh1+ 45. Kf2 Rf8+ 46. Ke2 Qe4+ 47. Kd1 Qb1+ 48. Ke2 Bf3+ 49. Ke3 Qe4+ 50. Kf2 Bg4+ 0-1

[Event "Olomouc Seniors op"]
[Site "Olomouc"]
[Date "2022.08.18"]
[Round "7"]
[White "Svub, Jan"]
[Black "Molnar, Jiri"]
[Result "1/2-1/2"]
[WhiteElo "1857"]
[BlackElo "1797"]
[PlyCount "284"]
[EventDate "2022.08.13"]
[EventType "swiss"]
[EventRounds "9"]
[EventCountry "CZE"]
[SourceTitle "CBM 209 Extra"]
[Source "ChessBase"]
[SourceDate "2022.09.30"]
[SourceVersion "1"]
[SourceVersionDate "2022.09.30"]
[SourceQuality "1"]

1. c4 d5 2. cxd5 Qxd5 3. Nc3 Qa5 4. d4 Nf6 5. Nf3 Bf5 6. Qb3 Qb6 7. Qxb6 axb6 8. Bg5 Nbd7 9. e3 c6 10. Bc4 e6 11. Bxf6 Nxf6 12. 0-0 Bd6 13. Rfe1 Bb4 14. Rec1 Ke7 15. h3 g5 16. Ne5 h5 17. Bd3 h4 18. Bxf5 exf5 19. f3 g4 20. fxg4 fxg4 21. hxg4 Bd6 22. g5 Bxe5 23. gxf6+ Bxf6 24. Ne4 Bg7 25. Rf1 Bh6 26. Rf3 Rhg8 27. Raf1 Rg7 28. a3 Rag8 29. R1f2 f5 30. Nc3 Rg3 31. Nd1 h3 32. Rxg3 Rxg3 33. Kh2 Rxg2+ 34. Rxg2 hxg2 35. Kxg2 Ke6 36. Kf3 Kd5 37. b3 c5 38. Nc3+ Ke6 39. dxc5 bxc5 40. Ke2 Ke5 41. Kd3 Bg5 42. a4 Bh6 43. Nb5 Kd5 44. Nc3+ Kc6 45. Nb5 Bg7 46. Nc3 Bxc3 47. Kxc3 Kd5 48. Kd3 Ke5 49. Kd2 Ke4 50. Ke2 b6 51. Kd2 Kf3 52. Kd3 Kf2 53. Kd2 Kf1 54. Kd1 Kg2 55. Kc2 Kf3 56. Kd3 Kg3 57. Kc3 Kh4 58. Kc4 Kg4 59. Kb5 Kf3 60. Kxb6 Kxe3 61. a5 f4 62. a6 f3 63. a7 f2 64. a8Q f1Q 65. Kxc5 Qc1+ 66. Kb5 Qf1+ 67. Kb6 Kd2 68. Qd5+ Kc3 69. Ka5 Qa1+ 70. Kb5 Qe1 71. Qc4+ Kb2 72. b4 Qe8+ 73. Qc6 Qb8+ 74. Kc5 Qf8+ 75. Kb5 Qb8+ 76. Ka5 Qa7+ 77. Qa6 Qb8 78. b5 Qd8+ 79. Qb6 Qa8+ 80. Kb4 Qa3+ 81. Kc4 Qc3+ 82. Kd5 Qf3+ 83. Kd6 Qf6+ 84. Kc7 Qf7+ 85. Kb8 Qf8+ 86. Ka7 Qa3+ 87. Kb7 Qe7+ 88. Qc7 Qe4+ 89. Qc6 Qe7+ 90. Qc7 Qe4+ 91. Qc6 Qe7+ 92. Kb6 Qe3+ 93. Kb7 Qe7+ 94. Kb8 Qf8+ 95. Qc8 Qf4+ 96. Qc7 Qf8+ 97. Ka7 Qa3+ 98. Kb7 Qf3+ 99. Qc6 Qf7+ 100. Ka8 Qf8+ 101. Kb7 Qe7+ 102. Qc7 Qe4+ 103. Ka6 Qa8+ 104. Kb6 Qh8 105. Ka7 Qd4+ 106. b6 Qa4+ 107. Kb8 Qe8+ 108. Qc8 Qe5+ 109. Ka8 Qa5+ 110. Kb7 Qd5+ 111. Qc6 Qg8 112. Qc8 Qd5+ 113. Kb8 Qd6+ 114. Qc7 Qf8+ 115. Kb7 Qf3+ 116. Ka7 Qa3+ 117. Kb8 Qf8+ 118. Qc8 Qf4+ 119. Ka7 Qa4+ 120. Qa6 Qd4 121. Qb5+ Ka1 122. Ka6 Qd6 123. Qa4+ Kb2 124. Qb5+ Ka1 125. Qc4 Kb2 126. Ka7 Qa3+ 127. Qa6 Qe3 128. Qb5+ Ka1 129. Ka8 Qa3+ 130. Kb7 Qe7+ 131. Ka6 Qd6 132. Qe8 Kb2 133. Qc8 Kb1 134. Qc7 Qa3+ 135. Kb7 Qf3+ 136. Kb8 Qf8+ 137. Qc8 Qf4+ 138. Ka7 Qa4+ 139. Qa6 Qd4 140. Qb5+ Ka1 141. Qe2 Kb1 142. Ka6 Qd6 1/2-1/2

[Event "CZE-chT2D 1920"]
[Site "Czech Republic"]
[Date "2020.06.27"]
[Round "10.8"]
[White "Svub, Jan"]
[Black "Ruda, Ondrej"]
[Result "1/2-1/2"]
[WhiteElo "1812"]
[BlackElo "2025"]
[PlyCount "30"]
[EventDate "2019.10.13"]
[EventType "team-tourn"]
[EventRounds "11"]
[EventCountry "CZE"]
[SourceTitle "EXT 2024"]
[Source "ChessBase"]
[SourceDate "2023.10.10"]
[SourceVersion "1"]
[SourceVersionDate "2023.10.10"]
[SourceQuality "1"]
[WhiteTeam "Lanskroun"]
[BlackTeam "Lipa"]
[WhiteTeamCountry "CZE"]
[BlackTeamCountry "CZE"]

1. d4 d5 2. Nf3 Nf6 3. c4 c6 4. Qc2 Bg4 5. Ne5 Bh5 6. cxd5 Qxd5 7. e3 e6 8. Nc3 Qd8 9. Bd3 Nbd7 10. Nxd7 Qxd7 11. 0-0 Bg6 12. Rd1 Bxd3 13. Qxd3 Be7 14. b3 Rd8 15. Bb2 e5 1/2-1/2

[Event "CZE-chT2D 1920"]
[Site "Czech Republic"]
[Date "2019.12.15"]
[Round "5.4"]
[White "Svub, Jan"]
[Black "Mojzis, Jaroslav"]
[Result "0-1"]
[WhiteElo "1812"]
[BlackElo "2095"]
[PlyCount "50"]
[EventDate "2019.10.13"]
[EventType "team-tourn"]
[EventRounds "11"]
[EventCountry "CZE"]
[SourceTitle "EXT 2024"]
[Source "ChessBase"]
[SourceDate "2023.10.10"]
[SourceVersion "1"]
[SourceVersionDate "2023.10.10"]
[SourceQuality "1"]
[WhiteTeam "Lanskroun"]
[BlackTeam "Polabiny III"]
[WhiteTeamCountry "CZE"]
[BlackTeamCountry "CZE"]

1. c4 f6 2. Nc3 e5 3. g3 Bb4 4. Bg2 Bxc3 5. dxc3 Ne7 6. e4 d6 7. Be3 Nd7 8. Ne2 0-0 9. 0-0 Qe8 10. Nc1 Qg6 11. Nd3 f5 12. exf5 Nxf5 13. Qd2 Nf6 14. f4 Ng4 15. Bf2 Qh6 16. h4 Nxf2 17. Qxf2 Be6 18. b3 Qg6 19. Kh2 Nxh4 20. Bxb7 Rab8 21. Bd5 Bxd5 22. cxd5 Qxd3 23. gxh4 Rxf4 24. Qg3 Qe2+ 25. Qg2 Rxh4+ 0-1

[Event "Pardubice Czech op-C 28th"]
[Site "Pardubice"]
[Date "2017.07.29"]
[Round "9"]
[White "Svub, Jan"]
[Black "Kazakovs, Edvards"]
[Result "1-0"]
[WhiteElo "1890"]
[BlackElo "1466"]
[PlyCount "89"]
[EventDate "2017.07.22"]
[EventType "swiss"]
[EventRounds "9"]
[EventCountry "CZE"]
[SourceTitle "CBM 179 Extra"]
[Source "ChessBase"]
[SourceDate "2017.08.23"]
[SourceVersion "1"]
[SourceVersionDate "2017.08.23"]
[SourceQuality "1"]

1. c4 Nf6 2. Nc3 c5 3. g3 d5 4. cxd5 Nxd5 5. Bg2 Nc7 6. Nf3 Nc6 7. 0-0 e5 8. d3 Be7 9. b3 Be6 10. Bb2 f6 11. Rc1 Qd7 12. Ne4 b6 13. a3 Nd4 14. Nxd4 exd4 15. b4 f5 16. Nd2 Rb8 17. Nb3 Bd5 18. e3 Bxg2 19. Kxg2 cxb4 20. Bxd4 Ne6 21. axb4 Bxb4 22. Qh5+ Qf7 23. Qxf7+ Kxf7 24. Be5 Rbc8 25. Nd4 Nxd4 26. Bxd4 Bd2 27. Rc4 Rxc4 28. dxc4 Rc8 29. Ra1 Rc7 30. Kf3 Bb4 31. Ra4 Bc5 32. Bxc5 bxc5 33. Kf4 g6 34. Ke5 Ke7 35. Kd5 Kd7 36. Ra5 Kc8 37. Rxc5 Rxc5+ 38. Kxc5 Kd7 39. f3 g5 40. h3 h5 41. g4 hxg4 42. hxg4 fxg4 43. fxg4 Kc7 44. e4 Kd7 45. Kb5 1-0

[Event "CZE-chT2D 1617"]
[Site "Czech Republic"]
[Date "2017.02.12"]
[Round "8.6"]
[White "Svanda, Ondrej"]
[Black "Svub, Jan"]
[Result "1-0"]
[WhiteElo "2007"]
[BlackElo "1930"]
[PlyCount "81"]
[EventDate "2016.10.09"]
[EventType "team-tourn"]
[EventRounds "11"]
[EventCountry "CZE"]
[SourceTitle "EXT 2022"]
[Source "ChessBase"]
[SourceDate "2021.10.06"]
[SourceVersion "1"]
[SourceVersionDate "2021.10.06"]
[SourceQuality "1"]
[WhiteTeam "Policka Stefanydes"]
[BlackTeam "Lanskroun"]
[WhiteTeamCountry "CZE"]
[BlackTeamCountry "CZE"]

1. e4 d5 2. exd5 Qxd5 3. Nc3 Qd6 4. d4 Nf6 5. Nf3 c6 6. Bc4 Bg4 7. Be3 e6 8. h3 Bh5 9. Qe2 Nbd7 10. 0-0-0 Be7 11. g4 Bg6 12. Bb3 a6 13. Kb1 Nd5 14. Nxd5 cxd5 15. Ne5 Nxe5 16. Bf4 Qc6 17. Bxe5 f6 18. Bf4 Rc8 19. Rhe1 Kf7 20. Rc1 Rhe8 21. h4 h6 22. Ka1 b5 23. c3 Bd6 24. Bxd6 Qxd6 25. Bc2 Bxc2 26. Qxc2 b4 27. Qd2 bxc3 28. Rxc3 Rxc3 29. bxc3 Qh2 30. h5 Qc7 31. f4 Rc8 32. Rc1 Qc6 33. g5 hxg5 34. fxg5 Rh8 35. h6 gxh6 36. gxh6 Qc7 37. Rg1 Rh7 38. c4 Qxc4 39. Rc1 Qb5 40. Rc7+ Kg8 41. Qg2+ 1-0

[Event "CZE-chT2D 1617"]
[Site "Czech Republic"]
[Date "2016.11.27"]
[Round "4.6"]
[White "Svub, Jan"]
[Black "Semerak, Pavel"]
[Result "0-1"]
[WhiteElo "1930"]
[BlackElo "2020"]
[PlyCount "111"]
[EventDate "2016.10.09"]
[EventType "team-tourn"]
[EventRounds "11"]
[EventCountry "CZE"]
[SourceTitle "EXT 2022"]
[Source "ChessBase"]
[SourceDate "2021.10.06"]
[SourceVersion "1"]
[SourceVersionDate "2021.10.06"]
[SourceQuality "1"]
[WhiteTeam "Lanskroun"]
[BlackTeam "Pardubice Rapid II"]
[WhiteTeamCountry "CZE"]
[BlackTeamCountry "CZE"]

1. c4 e5 2. Nc3 Nf6 3. e4 Nc6 4. g3 g6 5. Bg2 Bg7 6. Nge2 0-0 7. 0-0 d6 8. h3 Nd7 9. d3 Nc5 10. Be3 Nd4 11. b4 Nce6 12. Qd2 a5 13. b5 Nc5 14. f3 Be6 15. Rac1 Qd7 16. Kh2 c6 17. bxc6 bxc6 18. f4 Rab8 19. Rf2 f5 20. exf5 gxf5 21. Nd1 a4 22. Bxd4 exd4 23. Ng1 Rfe8 24. Re2 Bf7 25. Nf2 Rxe2 26. Qxe2 Re8 27. Qd2 Re3 28. Bf3 h6 29. Rb1 d5 30. cxd5 Bxd5 31. Bxd5+ Qxd5 32. Rc1 Bf8 33. Qc2 Kf7 34. Rb1 Bd6 35. Re1 Qe6 36. Rb1 h5 37. h4 Qd5 38. Rc1 Ke7 39. Rb1 Kd7 40. Rc1 Ne6 41. Nfh3 Nc5 42. Nf2 Qe6 43. Rb1 a3 44. Rc1 Qd5 45. Rb1 Ne6 46. Nfh3 Nc7 47. Nf2 Nb5 48. Nfh3 Nc3 49. Rb7+ Kc8 50. Rb3 Re1 51. Rxc3 dxc3 52. Qxc3 Qxa2+ 53. Kh1 Qd5+ 54. Kh2 Rb1 55. Nf2 a2 56. Ngh3 0-1

[Event "CZE-chT2D 1617"]
[Site "Czech Republic"]
[Date "2016.10.09"]
[Round "1.6"]
[White "Svoboda, Ivo"]
[Black "Svub, Jan"]
[Result "1/2-1/2"]
[WhiteElo "1956"]
[BlackElo "1930"]
[PlyCount "124"]
[EventDate "2016.10.09"]
[EventType "team-tourn"]
[EventRounds "11"]
[EventCountry "CZE"]
[SourceTitle "EXT 2022"]
[Source "ChessBase"]
[SourceDate "2021.10.06"]
[SourceVersion "1"]
[SourceVersionDate "2021.10.06"]
[SourceQuality "1"]
[WhiteTeam "Zdar nad Sazavou"]
[BlackTeam "Lanskroun"]
[WhiteTeamCountry "CZE"]
[BlackTeamCountry "CZE"]

1. d4 d5 2. c4 e6 3. g3 Nf6 4. Nf3 Be7 5. Bg2 0-0 6. 0-0 c5 7. cxd5 Nxd5 8. e4 Nf6 9. Nc3 cxd4 10. Nxd4 e5 11. Nb3 Nc6 12. Nd5 Be6 13. Be3 b6 14. Rc1 Rc8 15. h3 Qd7 16. Qd2 Bxd5 17. exd5 Nb4 18. Bg5 Nbxd5 19. Rfd1 Rxc1 20. Nxc1 Rd8 21. Qe2 Qe6 22. Re1 h6 23. Bd2 Bd6 24. a3 Re8 25. Nd3 e4 26. Nb4 Nxb4 27. Bxb4 Bxb4 28. axb4 Kh8 29. Qd2 Qc8 30. Rc1 Qe6 31. Re1 Qe5 32. Qc3 Qxc3 33. bxc3 Rc8 34. Re3 a5 35. bxa5 bxa5 36. Bxe4 Nxe4 37. Rxe4 Rxc3 38. Re7 f6 39. Ra7 Ra3 40. h4 h5 41. Kg2 Kh7 42. Kf1 Kg6 43. Kg2 a4 44. Ra5 Ra2 45. Kf3 a3 46. Kg2 Ra1 47. Kf3 a2 48. Kg2 Kf7 49. Ra6 Ke7 50. Kh2 Kd7 51. Kg2 Kc7 52. Kh2 Kb7 53. Ra3 Kb6 54. Kg2 Kc5 55. Kh2 Kb4 56. Ra7 Kb3 57. Rb7+ Ka3 58. Ra7+ Kb2 59. Rb7+ Kc3 60. Ra7 g5 61. hxg5 fxg5 62. Kg2 Kb3 1/2-1/2

[Event "CZE-chT2D 1516"]
[Site "Czech Republic"]
[Date "2016.04.03"]
[Round "10.8"]
[White "Pavlik, Petr"]
[Black "Svub, Jan"]
[Result "0-1"]
[WhiteElo "1938"]
[BlackElo "1920"]
[PlyCount "156"]
[EventDate "2015.10.18"]
[EventType "team-tourn"]
[EventRounds "11"]
[EventCountry "CZE"]
[SourceTitle "EXT 2022"]
[Source "ChessBase"]
[SourceDate "2021.10.06"]
[SourceVersion "1"]
[SourceVersionDate "2021.10.06"]
[SourceQuality "1"]
[WhiteTeam "Litovel Tatran II"]
[BlackTeam "Usti nad Orlici"]
[WhiteTeamCountry "CZE"]
[BlackTeamCountry "CZE"]

1. d4 d5 2. c4 e6 3. Nf3 c6 4. g3 Nf6 5. Bg2 Be7 6. Qc2 0-0 7. 0-0 b6 8. Rd1 Bb7 9. b3 Nbd7 10. Nc3 Rc8 11. Bb2 Qc7 12. Rac1 Rfd8 13. cxd5 cxd5 14. Qd3 Qb8 15. Rc2 Ne4 16. Rdc1 h6 17. e3 Nxc3 18. Rxc3 Rxc3 19. Rxc3 Rc8 20. Bf1 Rxc3 21. Bxc3 Qc8 22. Bd2 Bd6 23. b4 Nf6 24. Qb3 Qc7 25. Qc3 Qxc3 26. Bxc3 Ne4 27. Be1 Kf8 28. b5 Nf6 29. Bd3 Ke8 30. Kf1 Kd8 31. h3 Ke8 32. Ke2 Kd8 33. g4 Ke8 34. a4 Kd8 35. Nd2 Ke8 36. Nb3 Kd8 37. f3 Kd7 38. Bc3 Ke8 39. Nd2 Kd8 40. Nf1 Ke8 41. Be1 Kd7 42. Bg3 Bxg3 43. Nxg3 Ke7 44. e4 dxe4 45. fxe4 Ke8 46. Ke3 Ke7 47. Nf1 Ne8 48. Nd2 f6 49. Nf3 Ba8 50. h4 Bb7 51. h5 Ba8 52. Nh4 Bb7 53. Kf4 Ba8 54. Ng2 Nd6 55. Ne3 Bb7 56. Nc2 Ba8 57. Nb4 Bb7 58. Nc6+ Bxc6 59. bxc6 Kd8 60. e5 Ne8 61. Bc4 Ke7 62. d5 exd5 63. Bxd5 Nc7 64. Bc4 a6 65. Kf5 fxe5 66. Kxe5 b5 67. axb5 axb5 68. Bb3 Ne8 69. Bc2 Nc7 70. Bf5 b4 71. Be4 b3 72. Kd4 Kd6 73. Kc3 Na6 74. Kxb3 Nc5+ 75. Kc4 Nxe4 76. Kd4 Nf6 77. Ke3 Nxg4+ 78. Kf4 Nf6 0-1

[Event "CZE-chT2D 1516"]
[Site "Czech Republic"]
[Date "2015.11.22"]
[Round "3.8"]
[White "Ludvik, Tomas"]
[Black "Svub, Jan"]
[Result "1/2-1/2"]
[WhiteElo "1780"]
[BlackElo "1920"]
[PlyCount "83"]
[EventDate "2015.10.18"]
[EventType "team-tourn"]
[EventRounds "11"]
[EventCountry "CZE"]
[SourceTitle "EXT 2022"]
[Source "ChessBase"]
[SourceDate "2021.10.06"]
[SourceVersion "1"]
[SourceVersionDate "2021.10.06"]
[SourceQuality "1"]
[WhiteTeam "Polabiny III"]
[BlackTeam "Usti nad Orlici"]
[WhiteTeamCountry "CZE"]
[BlackTeamCountry "CZE"]

1. d4 d5 2. c4 e6 3. Nc3 c6 4. Nf3 Nf6 5. e3 Nbd7 6. Bd3 Bd6 7. 0-0 0-0 8. Qe2 dxc4 9. Bxc4 e5 10. dxe5 Nxe5 11. Nxe5 Bxe5 12. e4 Qe7 13. Re1 Re8 14. Bd3 Qc7 15. h3 Be6 16. Bd2 Rad8 17. Rad1 a6 18. Be3 b5 19. Rc1 Bh2+ 20. Kh1 Be5 21. a3 Qd7 22. Red1 Qc7 23. b4 Rd7 24. Rd2 Red8 25. Kg1 h6 26. Bb1 Bc4 27. Qe1 Nh5 28. Rxd7 Rxd7 29. g3 Rd8 30. Kg2 Qc8 31. f4 Bd4 32. Rd1 Bxc3 33. Rxd8+ Qxd8 34. Qxc3 Qd1 35. Qc2 Qf1+ 36. Kh2 Qf3 37. Qf2 Qd1 38. Qc2 Qe1 39. Bf2 Qf1 40. Be3 Qe1 41. Bf2 Qf1 42. Be3 1/2-1/2

[Event "CZE-chT2D 1415"]
[Site "Czech Republic"]
[Date "2015.01.25"]
[Round "6.6"]
[White "Lorenc, Oldrich"]
[Black "Svub, Jan"]
[Result "1-0"]
[WhiteElo "2077"]
[BlackElo "1933"]
[PlyCount "131"]
[EventDate "2014.11.02"]
[EventType "team-tourn"]
[EventRounds "11"]
[EventCountry "CZE"]
[SourceTitle "EXT 2022"]
[Source "ChessBase"]
[SourceDate "2021.10.06"]
[SourceVersion "1"]
[SourceVersionDate "2021.10.06"]
[SourceQuality "1"]
[WhiteTeam "Policka Stefanydes"]
[BlackTeam "Usti nad Orlici"]
[WhiteTeamCountry "CZE"]
[BlackTeamCountry "CZE"]

1. c4 e5 2. Nc3 Nc6 3. g3 g6 4. Bg2 Bg7 5. d3 Nge7 6. e4 d6 7. Nge2 Be6 8. Nd5 h6 9. b4 Qd7 10. Qa4 Bxd5 11. cxd5 Nb8 12. Qb3 0-0 13. Bd2 c6 14. dxc6 Nbxc6 15. 0-0 Kh7 16. b5 Nd8 17. Rac1 Ne6 18. Be3 b6 19. f4 Nc5 20. Bxc5 dxc5 21. fxe5 Bxe5 22. Rxf7+ Rxf7 23. Qxf7+ Bg7 24. Qc4 Rd8 25. Nf4 Qd4+ 26. Kh1 Qxc4 27. Rxc4 g5 28. Nd5 Nxd5 29. exd5 Bd4 30. Rc2 Re8 31. Be4+ Kg7 32. g4 Kf6 33. Re2 Re5 34. Kg2 Ke7 35. Kf3 Kf6 36. h3 Re7 37. a4 Bc3 38. Rc2 Bd4 39. Re2 Bc3 40. Kg3 Be5+ 41. Kg2 Kg7 42. Bf5 Kf6 43. Be6 Bf4 44. Kf3 Be5 45. Ke4 Bf4 46. h4 Re8 47. h5 Re7 48. Rc2 Be5 49. Ra2 Bc3 50. Rf2+ Kg7 51. Rf3 Bd4 52. Kf5 Re8 53. d6 Rf8+ 54. Ke4 Rxf3 55. Kxf3 Kf6 56. d7 Ke7 57. Ke4 Bg7 58. Kd5 Bf6 59. Bf5 Bc3 60. Kc6 Kd8 61. Kb7 Ba5 62. Kxa7 Kc7 63. Ka6 Bc3 64. d8Q+ Kxd8 65. Kxb6 Bd4 66. Kc6 1-0

[Event "CZE-chT2D 1415"]
[Site "Czech Republic"]
[Date "2014.12.14"]
[Round "4.8"]
[White "Novotny, Ales"]
[Black "Svub, Jan"]
[Result "1/2-1/2"]
[WhiteElo "1871"]
[BlackElo "1933"]
[PlyCount "79"]
[EventDate "2014.11.02"]
[EventType "team-tourn"]
[EventRounds "11"]
[EventCountry "CZE"]
[SourceTitle "EXT 2022"]
[Source "ChessBase"]
[SourceDate "2021.10.06"]
[SourceVersion "1"]
[SourceVersionDate "2021.10.06"]
[SourceQuality "1"]
[WhiteTeam "Pardubice AKIS"]
[BlackTeam "Usti nad Orlici"]
[WhiteTeamCountry "CZE"]
[BlackTeamCountry "CZE"]

1. c4 e5 2. g3 Nc6 3. Bg2 g6 4. Nc3 Bg7 5. e3 Nge7 6. Nge2 0-0 7. 0-0 d6 8. d3 Be6 9. Nd5 Qd7 10. Bd2 Nd8 11. Rb1 c6 12. Nxe7+ Qxe7 13. e4 Qd7 14. Nc3 h6 15. b4 Kh7 16. b5 f5 17. f3 d5 18. bxc6 bxc6 19. cxd5 cxd5 20. Qa4 Qxa4 21. Nxa4 fxe4 22. fxe4 Rxf1+ 23. Kxf1 d4 24. a3 Bf8 25. Bb4 Rb8 26. Rc1 Bxb4 27. Rc7+ Kg8 28. axb4 Rxb4 29. Rxa7 Rb1+ 30. Kf2 Ra1 31. Ra8 Kf7 32. Rxd8 Rxa4 33. Bf1 Ra2+ 34. Kg1 Ra1 35. Kf2 Ra2+ 36. Kg1 Rb2 37. Ra8 Rd2 38. Ra5 Kf6 39. Ra6 Ke7 40. Ra5 1/2-1/2